00305 2200133 4500001002100000005001500021035002000036245004300056260002800099082000800127084001200135990001200147990001200159INLIS00000000000262720250605030833 a0010-0625000213 aRevolusi Cara Belajar /cGordon Dryden aBandung :bKaifa,c2002 a370 a370 REV a0320137 a0320138